Statistics for Netherlands trivia quiz.

Click here to take the quiz!

General Stats

  • This quiz has been taken 17 times
  • The average score is 5 of 6

Answer Stats

QuestionAnswer% Correct
wath country is a neighbor of the netherlands.belgium
100%
wath is the capital city of the netherlandsamsterdam
94%
wat language do the people that live in the netherlands speakdutch
94%
is turkey bordering the netherlandsno
94%
is the netherlands a country?yes
94%
how many people live in the netherlands17million
44%

Score Distribution

Percentile by Number Answered

Percent of People with Each Score

Your Score History

You have not taken this quiz